| 000 | 00350nam a22001577a 4500 | ||
|---|---|---|---|
| 003 | CEME | ||
| 005 | 20210628202508.0 | ||
| 008 | 210316b xxu||||| |||| 00| 0 eng d | ||
| 020 | _a0-304-34524-5 | ||
| 040 | _c. | ||
| 082 | _a530 CHA'R | ||
| 245 | _aReverse time travel | ||
| 260 |
_aNEWYORK _bCASSELL _c1995 |
||
| 300 | _a160P | ||
| 942 |
_cBK _2ddc |
||
| 999 |
_c569961 _d569961 |
||